• 首页
  • 本馆介绍
  • 公告通知
  • 最新文献
  • 馆藏检索
  • 电子资源
  • 读者导购
  • 参考咨询
  • 我的图书馆
  • 登录
  • 详细信息显示
  • 放入我的书架
  • 预约/预借图书
  • 作者相关作品
  • 分类相关作品
  • 丛书相关作品
  • 出版社相关作品

书目信息

  • 表格格式
  • 工作单格式
  • 卡片格式
题名:
变压器产品样本
    
 
作者: ;第一机械工业部 编
分册:  
出版信息: 北京   机械工业出版社  1979
页数: 471页
开本: 26cm
丛书名:
单 册:
中图分类: TM4-63 , T-63
科图分类:
主题词: 变压器-产品样本--中国--1977 , 产品样本-变压器--中国--1977 , 工业产品--产品目录 , 工业产品--产品样本
电子资源:
ISBN:
000 00795nam0 2200289 45
001 0179005775
005 20040520164400.5
010    @dCNY3.05
091    @a15033.(内)776
100    @a19950811d1979 em y0chiy0121 ea
101 0  @achi
102    @aCN@b110000
105    @ay z 000yy
106    @ar
200 10 @a变压器产品样本@Abian ya qi chan pin yang ben@e1977@f第一机械工业部编
210    @a北京@c机械工业出版社@d1979
215    @a471页@d26cm
300    @a内部发行
606    @a变压器-产品样本@y中国@z1977
606    @a产品样本-变压器@y中国@z1977
606 0  @a工业产品@x产品目录
606 0  @a工业产品@x产品样本
690    @aTM4-63@v3
690    @aT-63
711 02 @a第一机械工业部@Adi yi ji xie gong ye bu@4编
801  0 @aCN@bNLC@c20040520
905    @f1@b28018@dT-63@e13
    
    变压器产品样本:1977/第一机械工业部编.-北京:机械工业出版社,1979
    471页;26cm
    内部发行
    
    ISBN :CNY3.05
    
●
相关链接 在E读中查询图书 在五车中查询图书 在当当中查询图书 在豆瓣中查询图书


正题名:变压器产品样本     索取号:T-63/13         预约/预借

序号 登录号 条形码 馆藏地/架位号 状态 备注
1 0028018   000882307   第三借阅区/ [索取号:T-63/13] 在馆    
唐山师范学院图书馆 欢迎您!
大连网信软件有限公司© 版权所有